000 00665nam a2200181Ia 4500
008 151018s9999 xx 000 0 und d
082 _bRBASDV39708
_a891.464
100 _aमाधव रा पोतदार
245 _aबौद्थिक विकासाचे माग
250 _b1
260 _bसुयोग प्रकाशन पुणे
_c2003
300 _a294
600 _aमाधव रा पोतदार
630 _aबौद्थिक विकासाचे माग
700 _aमाधव रा पोतदार
730 _aबौद्थिक विकासाचे माग
942 _cBOOK
999 _c1038994
_d1038991